Recenzný posudok

Salvato in:
Dettagli Bibliografici
Autore principale: Grell, Michal
Natura: Capitolo di libro
Lingua:slovacco
Tags: Aggiungi Tag
Nessun Tag, puoi essere il primo ad aggiungerne!!

MARC

LEADER 00000naa$a2200000$$$4500
001 0116493
005 20240502083305.4
041 0 |a slo 
044 |a CZ 
245 1 0 |a Recenzný posudok  |c Michal Grell 
100 1 |a Grell, Michal